000 00450nam a2200181Ia 4500
003 OSt
005 20230606201717.0
008 210423s2006 xx 000 0 und d
040 _cAL
041 _aeng
082 _a158.3
_223
_bCHUP
100 _aCHUNKAPURA (G).
_9120311
245 _aPsychotherapies and counselling.
260 _aKottayam
_bTRADA
_c2006
365 _b250
_cINR
906 _acounselling. ; Psychotherapies
942 _2ddc
_cBK
999 _c175913
_d175913